[Event "Heraklion 3rd op A"]
[Site "Heraklion"]
[Date "2011.09.07"]
[Round "2"]
[White "Alexandrov, Vladislavos"]
[Black "Gratsea, Ekaterini"]
[Result "0-1"]
[WhiteElo "1375"]
[BlackElo "1806"]
[PlyCount "49"]
[EventDate "2011.09.06"]
[EventType "swiss"]
[EventRounds "7"]
[EventCountry "GRE"]
[SourceTitle "EXT 2024"]
[Source "ChessBase"]
[SourceDate "2023.10.10"]
[SourceVersion "1"]
[SourceVersionDate "2023.10.10"]
[SourceQuality "1"]

1. d4 Nf6 2. e3 g6 3. Nf3 Bg7 4. Be2 0-0 5. c4 d6 6. Nc3 c5 7. dxc5 dxc5 8. 0-0 Nc6 9. Nd2 Qc7 10. Bf3 Rd8 11. a3 Ne5 12. Qe2 Nfg4 13. Nd5 Qd6 14. h3 e6 15. Ne7+ Qxe7 16. hxg4 Nxf3+ 17. gxf3 b6 18. Ne4 Bb7 19. Kg2 Rd7 20. Rb1 Rad8 21. b4 cxb4 22. axb4 f5 23. gxf5 exf5 24. Ng3 h5 25. c5 0-1